Topolčiánky Zámok

Zobrazenie: Pohľad v bielom orámovaní na nádvorie kaštieľa v Topoľčiankach. Pohľad smerom do rohu poschodovej budovy s balkónom. Uprostred sedia na fontáne ženy, muži aj deti. Vľavo v popredí a vpravo v pozadí dve vysoké pouličné lampy

Bibliographic Details
Format: Postcard
Language:Slovak
PhysicalDescription:1 pohľadnica tónovaná do modra 9 x 14 cm
Published: [Slovensko?] Samuel Steiner [medzi 1905 a 1973?]
Subjects:

MARC

LEADER 00000nkm a2200000 a 4500
001 vtls011777578
003 SK-MaSNL
005 20260512125301.0
007 kp ao
008 230718q1905 xo g kuslo
015 |a SNBG 
035 |a urn:nbn:sk:snk-km00dork 
035 |a urn:nbn:sk:snk-km3lyj1 
035 |a B6BF1515-841D-4080-B62F-9D2A43D7BC75 
040 |a SNK  |b slo  |c SNK  |e AACR2 
041 0 |a slo 
043 |a e-xo--- 
044 |a xo  |c SK 
072 7 |a 913  |x Regionálna geografia  |2 konspekt 
080 |a 913(437.6)  |2 2011 
080 |a 728.82  |2 2011 
080 |a (084.121)  |2 2011 
080 |a 725.948  |2 2011 
245 0 0 |a Topolčiánky  |h grafika  |b Zámok 
260 |a [Slovensko?]  |b Samuel Steiner  |c [medzi 1905 a 1973?] 
300 |a 1 pohľadnica  |b tónovaná do modra  |c 9 x 14 cm 
520 8 |a Zobrazenie: Pohľad v bielom orámovaní na nádvorie kaštieľa v Topoľčiankach. Pohľad smerom do rohu poschodovej budovy s balkónom. Uprostred sedia na fontáne ženy, muži aj deti. Vľavo v popredí a vpravo v pozadí dve vysoké pouličné lampy 
650 0 7 |a kaštiele  |2 SNKPH  |9 28599 
650 0 7 |a fontány  |2 SNKPH  |9 3014 
651 7 |a Topoľčianky (Slovensko)  |2 SNKPHgeo  |9 31565 
655 7 |a miestne pohľadnice  |2 SNKPH  |9 70510 
852 |a Slovenská národná knižnica 
954 |a pohľadnice pôvodné (slovenské)  |2 lita 
954 |a pohľadnice cudzojazyčné (svetové)  |2 lita 
958 |a OND 
958 |a GBN 
958 |a GC 
958 |a EUIPO 
999 |c 1028792  |d 1030722 
952 |a SNK  |b SNK  |y PREZ  |7 0  |p 17A1298669  |o snkSP 86549  |0 0  |1 0  |4 0  |d 2018-09-07  |f 1  |l 0  |r 2026-02-24 13:46:56  |w 2026-02-24